GTA V Online All Businesses - Statistics

General Stats
  • This quiz has been taken 1,018 times
    732 since last reset
  • The average score is 7 of 13
Answer Stats
DLC Answer % Correct
Gunrunning Bunker
81%
Cayo Perico Heist Submarine
80%
The Diamond Casino Heist Arcade
77%
The Doomsday Heist Facility
69%
After Hours Nightclub
67%
The Contract Agency
65%
Bikers MC Clubhouses
57%
Import/Export CEO Office
56%
Los Santos Tuners Auto Shop
48%
Smugglers Run Hangar
37%
Arena War Arena Workshop
26%
Bottom Dollar Bounties Bail Office
26%
Los Santos Drug Wars The Freakshop
23%
No matching quizzes found
Score Distribution
Percent of People with Each Score
Percentile by Number Answered
Your Score History
You have not taken this quiz since the last reset